00701nam a2200181 a 45000010005000000030005000050050017000100080041000270400020000681000033000882450124001212600065002453000017003105000115003276500030004426500013004726500034004851097CDMR20211213121545.0130130s1985||||||||||||||||||||||||||||d aCDMRbcatcCDMR1 aBethencourt Machado, Tomás13aEl teletexto y el videotextob: V Convención Internacional de Televisión y EducacióncTomás Bethencourt Machado a[Barcelona]c1985bInstituto Oficial de Radio y Televisión a11 p.c30 cm aConferència de Tomás Bethencourt Machado a Sonimag, celebrat a Barcelona durant el mes de setembre de 198504aComunicació audiovisual00aTeletext04aTecnologia de la informació